Aid activities in Africa 2000-2001

Salvato in:
Dettagli Bibliografici
Ente Autore: OECD. Development Assistance Committee
Natura: Libro
Lingua:inglese
francese
Pubblicazione: Paris OECD 2002
Serie:Statistics
Soggetti:
Tags: Aggiungi Tag
Nessun Tag, puoi essere il primo ad aggiungerne!!

MARC

LEADER 00000nam a2200000 4500
001 c142825
005 20240422070050.7
020 |a 92-64-09189-0 
022 |a 1023-8875 
041 0 |a eng 
041 0 |a fre 
044 |a FR 
245 1 0 |a Aid activities in Africa 2000-2001 
264 1 |a Paris  |b OECD  |c 2002 
300 |a 347 s. 
490 1 |a Statistics 
830 0 |a Statistics 
610 2 0 |a pomoc hospodárska 
610 2 0 |a pomoc medzinárodná 
610 2 0 |a krajiny rozvojové 
610 2 0 |a Afrika 
710 2 |a OECD. Development Assistance Committee